[Event "Aarhus-ch"]
[Site "Aarhus"]
[Date "2019.02.17"]
[Round "7"]
[White "Ochsner, Henrik"]
[Black "Stovring, Claus"]
[Result "0-1"]
[WhiteElo "1858"]
[BlackElo "2023"]
[PlyCount "46"]
[EventDate "2019.02.14"]
[EventType "swiss"]
[EventRounds "7"]
[EventCountry "DEN"]
[SourceTitle "EXT 2021"]
[Source "ChessBase"]
[SourceDate "2020.10.23"]
[SourceVersion "1"]
[SourceVersionDate "2020.10.23"]
[SourceQuality "1"]

1. d4 Nf6 2. c4 g6 3. Nc3 Bg7 4. e4 d6 5. Be2 0-0 6. Be3 Nc6 7. h3 e5 8. d5 Nd4 9. Bxd4 exd4 10. Qxd4 Re8 11. Qd3 b5 12. cxb5 a6 13. Nf3 axb5 14. Nxb5 Nxe4 15. Nbd4 Ba6 16. Qc2 Bxd4 17. Nxd4 Qf6 18. 0-0-0 Bxe2 19. Nxe2 Rxa2 20. Nc3 Ra1+ 21. Nb1 Qf4+ 22. Rd2 Nxd2 23. Qxd2 Rxb1+ 0-1